Γεωθερμική ενέργεια με τη μέθοδο της τηλεθέρμανσης στη περιοχή του Πολιχνίτου Λέσβου : μεταπτυχιακή διατριβή
Αποθηκεύτηκε σε:
| Κύριος συγγραφέας: | |
|---|---|
| Συγγραφή απο Οργανισμό/Αρχή: | |
| Άλλοι συγγραφείς: | |
| Μορφή: | Thesis Βιβλίο |
| Γλώσσα: | Greek |
| Δημοσίευση: |
2009
|
| Θέματα: | |
| Διαθέσιμο Online: | http://hdl.handle.net/11610/14858 |
| Ετικέτες: |
Προσθήκη ετικέτας
Δεν υπάρχουν, Καταχωρήστε ετικέτα πρώτοι!
|
MARC
| LEADER | 00000cam a2200000 i 4500 | ||
|---|---|---|---|
| 001 | 1/8564 | ||
| 008 | 100618s2009 gre d | ||
| 035 | |l 10108299 | ||
| 040 | |a GR-MY-UA |b gre |e aacr | ||
| 041 | 0 | |a gre | |
| 082 | 0 | |a 333.88 |2 (22) | |
| 100 | 1 | |a Κουλοβάκης, Γεώργιος. | |
| 245 | 1 | 0 | |a Γεωθερμική ενέργεια με τη μέθοδο της τηλεθέρμανσης στη περιοχή του Πολιχνίτου Λέσβου : |b μεταπτυχιακή διατριβή / |c Γεώργιος Α. Κουλοβάκης ; επιβλέπων καθηγητής: Χαραλαμπόπουλος Δίας |
| 260 | |c 2009 | ||
| 300 | |a 104 σ.; |b πιν., εικ.; |c 30 εκ. | ||
| 502 | |a Διατριβή (μεταπτυχιακή) – Πανεπιστήμιο Αιγαίου, Λέσβος, 2009. | ||
| 504 | |a Βιβλιογραφία: σ. 99-104 | ||
| 650 | 0 | 0 | |a Ground source heat pump systems. |
| 650 | 0 | 0 | |a Geothermal resources |z Greece |z Lesbos Island. |
| 650 | 0 | 0 | |a Geothermal engineering. |
| 650 | 0 | 0 | |a Geothermal district heating. |
| 650 | 0 | 0 | |a Greenhouses |x Heating and ventilation. |
| 650 | 0 | 0 | |a Dissertations, Academic |z Greece. |
| 700 | 1 | |a Χαραλαμπόπουλος, Δίας. |4 ths | |
| 710 | 2 | |a Πανεπιστήμιο Αιγαίου |b Σχολή Περιβάλλοντος |b Τμήμα Περιβάλλοντος |b Θεοφράστειο Πρόγραμμα Μεταπτυχιακών Σπουδών Περιβαλλοντική και Οικολογική Μηχανική. | |
| 852 | |a INST |b LESVOS |c DIATR |e 20100618 |h 171 |p 005100047778 |q 005100047778 |t MTXE |y 23 | ||
| 852 | |a INST |b LESVOS |c DIATR |e 20100618 |h 172 |p 005100047779 |q 005100047779 |t MTXE |y 23 | ||
| 856 | |u http://hdl.handle.net/11610/14858 | ||
| 901 | |a BIBL1-2010-2 | ||
| 909 | |a Λ |b 164932 | ||
| 909 | |a Λ |b 164933 | ||
| 924 | |a Κουλοβάκης |b Γεώργιος |y Λέσβος |z 2009-11 | ||
| 970 | |a Τζαφέρη |b Ευαγγελία |z 2010/06/18 | ||